| 000 | 01557nam a2200325 i 4500 | ||
|---|---|---|---|
| 001 | 103534 | ||
| 003 | ES-MaACL | ||
| 005 | 20251009185225.0 | ||
| 007 | t| | ||
| 008 | 060328s1904 sp |||| | spa d | ||
| 245 | 0 | 0 |
_aDe ajena cosecha _b: colección de traducciones / _cpor José A. Rodríguez García. |
| 250 | _a3ª ed. | ||
| 260 |
_aMadrid : _bLibrería de Fernando Fé, _c1904. |
||
| 300 |
_a259 p. ; _c21 cm. |
||
| 505 | 8 | _aContiene: Cuento de Pascuas / por Andrés Theuriet. Las dos margaritas / por Catulo Mendes. El aderezo / por G. de Maupassant. Un hidalgo polaco / A. D'Albanés y Jorge Fath (versión libre). Un baile de mascaras / por A. Dumas. La mosca / por Cristobal Schmid. Cherubino y Celistini / por Alejandro Dumas (P.). El portador de la bolsita : novela india / de Natesa Sastri. El robo de las torres de Nuestra Señora / por Gaston Lebre | |
| 700 | 1 |
_aRodríguez García, José Antonio, _d1864-1934 _998540 |
|
| 700 | 1 |
_aTheuriet, André. _9109911 |
|
| 700 | 1 |
_aMendès, Catulle. _980102 |
|
| 700 | 1 |
_aMaupassant, Guy de, _d1850-1893 _979214 |
|
| 700 | 1 |
_aHavard, Jean-Alexandre. _962139 |
|
| 700 | 1 |
_aFath, Georges. _948928 |
|
| 700 | 1 |
_aDumas, Alexandre, _d1824-1895 _9241136 _eaut |
|
| 700 | 1 |
_aSchmid, Christoph von, _d1768-1854 _9104449 |
|
| 700 | 1 |
_aDumas, Alexandre, _d1802-1870 _eaut _9241135 |
|
| 700 | 1 |
_aSastri, N. Aiyaswami. _9103936 |
|
| 700 | 1 |
_aLèbre, Gaston. _971031 |
|
| 852 |
_aES-MaACL _jT-1058-F-6 _z- Enc. en un vol. facticio conservando cub. original |
||
| 942 | _2udc | ||
| 999 |
_c103534 _d103534 |
||